Language Quiz

Random Language or French Quiz

Languages Venn Diagram Quiz Stats

 Plays Quiz Updated Mar 26, 2018

Challenge
Share
Tweet
Score 0/8 Timer 02:00
3 Plays Today
% Correct
Tswana
85.1%
Romanian
80.7%
Arabic
76.8%
Spanish
75.5%
Bengali
71.5%
Icelandic
69.6%
Portuguese
56.2%
French
52.2%

You're not logged in!

Compare scores with friends on all Sporcle quizzes.
OR
Log In

You Might Also Like...

Show Comments

Extras

Top Quizzes Today


Score Distribution

Your Account Isn't Verified!

In order to create a playlist on Sporcle, you need to verify the email address you used during registration. Go to your Sporcle Settings to finish the process.

Report this User

Report this user for behavior that violates our Community Guidelines.

Details: